Statistics for Largest Cities in Africa Beginning With 'N'

Click here to take the quiz!

General Stats

  • This quiz has been taken 37 times
  • The average score is 5 of 18

Answer Stats

#PopulationCountryAnswer% Correct
16,700,000KenyaNairobi
100%
21,880,000ChadNdjamena
92%
31,480,000NigerNiamey
92%
41,400,000MauritaniaNouakchott
86%
5663,212MozambiqueNampula
22%
8492,984SudanNyālā
22%
14161,726MoroccoNador
17%
7570,674KenyaNakuru
14%
6624,579ZambiaNdola
11%
9291,484South AfricaNewcastle
11%
11198,444KenyaNaivasha
8%
10206,449MozambiqueNacala Porto
6%
18146,917EgyptNāṣir Būsh
6%
15161,584AngolaN'dalatando
6%
16156,000EthiopiaNekemte
6%
17152,698CameroonNgaoundéré
6%
13178,800UgandaNjeru
6%
12195,027GuineaNzérékoré
6%

Score Distribution

Percentile by Number Answered

Percent of People with Each Score

Your Score History

You have not taken this quiz